000
00329nam a2200133Ia 4500
008
191201s2004 xx 000 0 und d
082
_a
621.3813
_b
RIM
100
_a
RIZZI, Peter A
245
0
_a
Microwave Engineering Passive Circuits
260
_a
N.Delhi
_b
PHI
_c
2004
300
_a
572
650
_a
B.Tech(ECE)
942
_2
ddc
_c
BK
999
_c
1429
_d
1429